000 00644cam a22002057a 4500
001 899766
003 ARRUPE
005 20160812093803.0
008 810610|1981 ||| 000 0 eng
010 _a 81050505
020 _a0939516004 (pbk.) :
_c$4.95
040 _aDLC
_cDLC
_dDLC
050 0 0 _aMLCS 81/1159
100 1 _aHays, Edward M.
_91368
245 1 0 _aTwelve and one-half keys to the gates of paradise /
_cwritten and illuminated by Edward Hays.
260 _aEaston, Kan. :
_bForest of Peace Books,
_c1981.
300 _a147 p. : ill. ; 21 cm.
906 _a7
_bcbc
_corignew
_d4
_eocip
_f19
_gy-gencatlg
942 _2lcc
_cMONOGRAPH
999 _c124953
_d124953